Eliminácia prašnosti a tepelných ziskov výrobnej prevádzky vzduchotechnikou kombinovanou s adiabatickými metódami

Enregistré dans:
Détails bibliographiques
Auteur principal: Szabó, Krisztián (Auteur)
Autres auteurs: Masaryk, Michal (Directeur de thèse)
Format: Manuscrit Livre
Langue:slovaque
Publié: 2020
Sujets:
Accès en ligne:http://is.stuba.sk/zp/portal_zp.pl?podrobnosti=152037
https://opac.crzp.sk/?fn=detailBiblioForm&sid=23A5A917B76C11E749AAEA80CF65
Tags: Ajouter un tag
Pas de tags, Soyez le premier à ajouter un tag!

MARC

LEADER 00000ntm a22000003a 4500
001 stuzp78630
003 SK-STU
005 20230523094703.1
007 ta
008 150427s2015----xo-----f-mn---000-0-slo-d
040 |a STU  |b slo 
041 0 |a slo 
100 1 |a Szabó, Krisztián  |u 010290  |4 aut  |U SvF Stavebná fakulta  |T SvF Katedra technických zariadení budov  |X 75751  |U V290  |Y 31  |7 75751 
242 0 1 |a Elimination of thermal gains and interior dust polution in production hall by ventilation system combined with adiabatics  |y eng 
245 1 0 |a Eliminácia prašnosti a tepelných ziskov výrobnej prevádzky vzduchotechnikou kombinovanou s adiabatickými metódami 
260 |c 2020 
650 4 |a priemyselná hala  |2 slo 
650 4 |a výrobňa nábytku  |2 slo 
650 4 |a vetranie  |2 slo 
650 4 |a adiabatika  |2 slo 
650 4 |a chladenie  |2 slo 
650 4 |a eliminácia prašnosti  |2 slo 
650 4 |a adiabatics  |2 eng 
650 4 |a cooling  |2 eng 
650 4 |a ventilation  |2 eng 
650 4 |a furniture production  |2 eng 
650 4 |a industrial hall  |2 eng 
650 4 |a dust elimination  |2 eng 
700 1 |a Masaryk, Michal  |u 020060  |k Z1  |4 ths  |U SjF Strojnícka fakulta  |T SjF Ústav energetických strojov a zariadení  |X 3392  |U J0060  |Y 805  |7 A000003392 
856 4 |u http://is.stuba.sk/zp/portal_zp.pl?podrobnosti=152037 
856 4 |u https://opac.crzp.sk/?fn=detailBiblioForm&sid=23A5A917B76C11E749AAEA80CF65